000 01366cad a22002175a 4500
001 E150439
008 100714e20100211xxkd f s f000 0 eng d
035 _a(Sirsi) u150439
041 0 _aeng
110 1 _aUnited Kingdom
_bOffice of National Statistics
_92035
245 0 0 _aNew orders in the construction industry
_bDecember 2009
_h[electronic resource]
260 _c2010
490 _aONS Press Release
_v11 February 2010
520 _aReports on the orders for new constructions in Great Britain for December 2009. In the three months leading to December 2008, levels of construction orders were unchanged compared with the previous quarter. Orders rose by 5% in the fourth quarter of 2009 compared to the fourth quarter of 2008. Orders in 2008 fell 13% compared to the amount of orders in 2008. Orders in the private housing sector rose by 20% in the quarter leading to December 2009 compared with the same period in 2008. Housing association orders rose by 38% in the quarter leading to December 2009 compared with the same period in 2008.
590 _aKA
650 2 4 _aONS NEW CONSTRUCTION ORDERS
651 4 _aGreat Britain
_y1707-
690 _aBUILT ENVIRONMENT-CONSTRUCTION MARKET
856 4 0 _uhttps://www.ons.gov.uk/ons/publications/re-reference-tables.html?edition=tcm%3A77-171486
_zView the item free of charge at www.ons.gov.uk...
942 _n0
999 _c82512
_d82512